মোহাম্মাদ আবদুল জব্বার জীবন ও কর্ম / (Record no. 39258)
[ view plain ]
| 000 -LEADER | |
|---|---|
| fixed length control field | 00968nam a2200241 4500 |
| 001 - CONTROL NUMBER | |
| control field | 39258 |
| 003 - CONTROL NUMBER IDENTIFIER | |
| rucl marc code | BD-RjUL |
| 005 - DATE AND TIME OF LATEST TRANSACTION | |
| control field | 20211209052943.0 |
| 008 - FIXED-LENGTH DATA ELEMENTS--GENERAL INFORMATION | |
| fixed length control field | 160406s1995 bg ||||e |||| 00| 0 ben d |
| 020 ## - INTERNATIONAL STANDARD BOOK NUMBER | |
| International Standard Book Number | 984073209x |
| Terms of availability | : TK 80.00 |
| 035 ## - SYSTEM CONTROL NUMBER | |
| System control number | (BD-RjUL) |
| 040 ## - CATALOGING SOURCE | |
| Original cataloging agency | BD-RjUL |
| Language of cataloging | ben |
| Transcribing agency | BD-RjUL |
| 041 ## - LANGUAGE CODE | |
| Language code of text/sound track or separate title | ben |
| 082 ## - DEWEY DECIMAL CLASSIFICATION NUMBER | |
| Edition number | 23 |
| Classification number | 520.12 |
| Author mark and year | BOM 1995 |
| 100 ## - MAIN ENTRY--PERSONAL NAME | |
| Personal name | বড়ুয়া, সুব্রত |
| 9 (RLIN) | 120480 |
| 245 10 - TITLE STATEMENT | |
| Title | মোহাম্মাদ আবদুল জব্বার জীবন ও কর্ম / |
| Statement of responsibility, etc. | সুব্রত বড়ুয়া | |
| 260 ## - PUBLICATION, DISTRIBUTION, ETC. (IMPRINT) | |
| Place of publication, distribution, etc. | ঢাকা : |
| Name of publisher, distributor, etc. | বাংলা একাডেমী, |
| Date of publication, distribution, etc. | ১৯৯৫ |
| 300 ## - PHYSICAL DESCRIPTION | |
| Pagination | [৬], ১৫০ পৃ.; |
| Size | ২২ সেমি. |
| 504 ## - BIBLIOGRAPHY, ETC. NOTE | |
| Bibliography, etc | তথ্যপঞ্জি সম্বলিত |
| 650 ## - SUBJECT ADDED ENTRY--TOPICAL TERM | |
| Topical term or geographic name as entry element | জ্যোতিবিজ্ঞানী |
| Geographic subdivision | বাংলাদেশ |
| Form subdivision | জীবনী |
| 9 (RLIN) | 120522 |
| Topical term or geographic name as entry element | Astronomers |
| Geographic subdivision | Bangladesh |
| Form subdivision | Biography |
| 9 (RLIN) | 120523 |
| 942 ## - ADDED ENTRY ELEMENTS (KOHA) | |
| Source of classification or shelving scheme | Dewey Decimal Classification |
| Koha item type | Books |
| Lost status | Source of classification or shelving scheme | Damaged status | Not for loan | Collection code | Permanent Location | Current Location | Shelving location | Date acquired | Source of acquisition | Cost, normal purchase price | Total Checkouts | Full call number | Date last seen | Copy number | Koha item type |
|---|---|---|---|---|---|---|---|---|---|---|---|---|---|---|---|
| Dewey Decimal Classification | Not For Loan | Non-fiction | Central Library, University of Rajshahi | Central Library, University of Rajshahi | Reading Room | 24/06/2013 | Dhaka, Bangla Academy | 80.00 | B 520.12 BOM 1995 | 06/04/2016 | C-1 | Books | |||
| Dewey Decimal Classification | Non-fiction | Central Library, University of Rajshahi | Central Library, University of Rajshahi | 24/06/2013 | Dhaka, Bangla Academy | 80.00 | B 520.12 BOM 1995 | 06/04/2016 | C-2 | Books | |||||
| Dewey Decimal Classification | Non-fiction | Central Library, University of Rajshahi | Central Library, University of Rajshahi | 24/06/2013 | Dhaka, Bangla Academy | 80.00 | B 520.12 BOM 1995 | 06/04/2016 | C-2 | Books |